01017nam a22002651a 450000100060000000300100000600500170001600700030003300800410003604000290007704100080010610000390011424501360015326000360028930000180032565000280034365000260037165000230039770000400042070000420046094200510050294500340055395201470058799900170073432759AR-RoBPED20260514094928.0ta260513s1978 ag a|||br|||||||1 m|spa  aAR-BaBNeaacrdAR-RoBPED aspa1 aCamilli, Ernestoeautor4aut9161013aEl sol albañil :blibro de lectura para tercer grado /cErnesto Camilli ; ilustraciones de Raúl Fortín y Héctor Atanasiú. aBuenos Aires :bEstrada,c1978. a118 p. :bil. 4aARCHIVO INFANTIL924464 4aLIBROS DE TEXTO91459 4aTERCER GRADO914631 aFortín, Raúl920222eilustrador1 aAtanasiu, Héctor930854eilustrador 2udcaK. 32759cBKh372.4kIAmC 22pInv. 42445 ann 13/05/2026 - cd 14/05/2026 00102udc4071aBPEDbBPEDd2026-05-12edonaciónl0oIA 372.4 C 22p42445r2026-05-13 12:33:15w2026-05-13xnn 13/05/2026yBKzNo se presta c32759d32759